000
00255nam a2200109Ia 4500
008
220204s9999 xx 000 0 und d
082
_a
82-3
_b
MAC
100
_a
MacDonald, John D
245
0
_a
One fearful yellow eye
260
_a
London
_c
1976
942
_c
BK
999
_c
33784
_d
33784